| 000 | 00775nab a2200241 4500 | ||
|---|---|---|---|
| 003 | BR-BrBNA | ||
| 005 | 20251020125052.0 | ||
| 008 | 251020b bl.||||| |||| 00| 0 por d | ||
| 040 |
_aBR-BrBNA _bpor |
||
| 072 |
_aF01 ; E70 ; E71 ; L02 _b0150 ; 8954 |
||
| 100 | _aPontes, Alécia | ||
| 245 |
_aArroz fora da panela _bAgroeconomia |
||
| 500 | _a4 illus. | ||
| 650 | _aARROZ | ||
| 650 | _aSUPERPRODUÇÃO | ||
| 650 | _aPREÇO MÍNIMO | ||
| 650 | _aRAÇÃO | ||
| 650 | _aCONSUMO INTERNO | ||
| 650 | _aEXPORTAÇÃO | ||
| 773 | 0 |
_01706 _9347992 _dSão Paulo-SP Editora Três Ltda - E-mail: luizfsa@revistadinheiro.com.br 2004 _o2025-0487 _tDinheiro Rural (Brazil) _x1807-3700 _gv. 7(83) p. 44-45; (Sep 2011) _wBR2025004546 |
|
| 942 | _cANA | ||
| 999 |
_c338726 _d338726 |
||